| 000 | 02335cam a2200493 i 4500 | ||
|---|---|---|---|
| 999 |
_c1243 _d1243 |
||
| 001 | 17584377 | ||
| 003 | GZU | ||
| 005 | 20201001094006.0 | ||
| 008 | 130109s2013 caua b 001 0 eng d | ||
| 010 | _a 2013930449 | ||
| 015 |
_aGBB306116 _2bnb |
||
| 016 | 7 |
_a016257061 _2Uk |
|
| 020 | _a9781446258873 (pbk.) | ||
| 020 | _a1446258874 (pbk.) | ||
| 020 | _a9781446258866 (hbk.) | ||
| 020 | _a1446258866 (hbk.) | ||
| 035 | _a(OCoLC)ocn855729870 | ||
| 040 |
_aERL _beng _cERL _erda _dOCLCO _dMEU _dOCLCQ _dCFI _dUKMGB _dCAUOI _dIEDUB _dOCLCO _dOCLCF _dVRC _dDLC |
||
| 042 | _alccopycat | ||
| 050 | 0 | 0 |
_aLB1028 _b.THO 2013 |
| 072 | 7 |
_aSOC _2eflch |
|
| 072 | 7 |
_aSOC _2ukslc |
|
| 100 | 1 |
_aThomas, Gary, _d1950- _eauthor. |
|
| 245 | 1 | 0 |
_aHow to do your research project : _ba guide for students in education and applied social sciences / _cGary Thomas. |
| 250 | _aSecond edition. | ||
| 264 | 1 |
_aLos Angeles : _bSAGE, _c2013. |
|
| 300 |
_axix, 307 pages : _billustrations ; _c25 cm |
||
| 336 |
_atext _btxt _2rdacontent |
||
| 337 |
_aunmediated _bn _2rdamedia |
||
| 338 |
_avolume _bnc _2rdacarrier |
||
| 504 | _aIncludes bibliographical references and index. | ||
| 505 | 0 | _aYour introduction : starting points -- Preparing : project management, ethics and getting clearance -- The literature review -- Decide on your question -- again -- Methodology, part 1 : deciding on an approach -- Methodology, part 2 : the design frame -- The right tools for the job : data gathering -- How to analyse the information you gather -- Concluding and writing up. | |
| 520 | 8 | _aDirect, informative and accessible, this edition of Gary Thomas's book is essential reading for anyone doing a research project. Packed full of relevant advice and real world examples it guides you through the complete research process. | |
| 650 | 0 |
_aEducation _xResearch _xMethodology. |
|
| 650 | 0 |
_aSocial sciences _xResearch. |
|
| 650 | 0 |
_aSocial sciences _xResearch _xMethodology. |
|
| 650 | 7 |
_aSociety. _2eflch |
|
| 650 | 7 |
_aEducation _xResearch _xMethodology. _2fast _0(OCoLC)fst00902758 |
|
| 650 | 7 |
_aSocial sciences _xResearch. _2fast _0(OCoLC)fst01122944 |
|
| 650 | 7 |
_aSocial sciences _xResearch _xMethodology. _2fast _0(OCoLC)fst01122961 |
|
| 650 | 7 |
_aSociety. _2ukslc |
|
| 906 |
_a7 _bcbc _ccopycat _d2 _encip _f20 _gy-gencatlg |
||
| 942 |
_2lcc _cBK _e2nd ed. _h1028 _iTHO _kLB |
||